00718naa a22001577i 4500003000900000005001700009008004100026035001700067040002400084041000800108100014700116245016200263260001000425650003700435773008800472KOSZ 00520170407132757.0160308s2010 pl ||||| ||||0|| 0 pol  aPBN-R:246563 cKOSZ 005/mdaPBN-ID0 apol aMALĄG, Leszek.d2010 - .bPolitechnika Koszalińska - Wydział Mechaniczny,cKatedra Mechaniki Technicznej i Wytrzymałości Materiałów10aAnaliza istotności wpływu wybranych własności mechanicznych na stan naprężeń i odkształceń w próbce podczas rozciągania /cLeszek Maląg. c2010. 0aNaprężenia i odkształcenia.08iW :tInwestycja w wiedzę. -dSzczecin : Wojewódzki Urząd Pracy, 2010. -gs. 1